| 000 | 00986nam a2200277 a 4500 | ||
|---|---|---|---|
| 001 | |||
| 003 | DO-SdBNP | ||
| 005 | 20210721132917.0 | ||
| 008 | 090703s1992 dr c 001 0 spa d | ||
| 040 |
_aBPMSU _bspa _cBPMSU |
||
| 049 | _aBNPD | ||
| 082 |
_a972.9373 _bC183b 1992 _222 |
||
| 100 | 1 |
_aCamilo González, Antonio, _d1938- |
|
| 245 | 1 | 0 |
_aBaní : _bhombres y tiempos / _cAntonio Camilo González. |
| 260 |
_aSanto Domingo : _bAmigo del Hogar, _c1992. |
||
| 300 |
_a622 p. : _bils., retr. ; _c24 cm. |
||
| 490 | 0 |
_aQuinto Centenario. _aEstudios _v8 |
|
| 500 | _aIncluye datos biogr[aficos del autor en la solapa de la cubierta | ||
| 590 | _6Inventariado, 2021/VM | ||
| 650 | 4 |
_aCiudades y pueblos _zRepública Dominicana |
|
| 651 | 4 |
_aBaní (República Dominicana) _xHistoria local |
|
| 651 | 4 |
_aBaní (República Dominicana) _xVida social y costumbres |
|
| 651 | 4 |
_aBaní (República Dominicana) _xVida religiosa y costumbres |
|
| 910 | _aVMateo V. | ||
| 942 |
_2ddc _cBK |
||
| 999 |
_c13593 _d13593 |
||